Govt. of
Madhya Pradesh

इस बार होली में (Record no. 63513)

MARC details
000 -LEADER
fixed length control field 00338nam a22000977a 4500
100 ## - MAIN ENTRY--AUTHOR NAME
Personal name मिश्र,रामदरश
245 ## - TITLE STATEMENT
Title इस बार होली में
260 ## - PUBLICATION, DISTRIBUTION, ETC. (IMPRINT)
Place of publication दिल्‍ली
Name of publisher शब्‍दसृष्ठि प्रकाशन
Year of publication 2017
650 ## - SUBJECT ADDED ENTRY--TOPICAL TERM
Topical Term कहानियां
942 ## - ADDED ENTRY ELEMENTS (KOHA)
Koha item type Hindi Books
Holdings
Withdrawn status Lost status Damaged status Not for loan Home library Current library Date acquired Cost, normal purchase price Full call number Accession Number Price effective from Koha item type
        MACL MACL 06/10/2020 275.00 891.433/MIS/S CRH038637 06/10/2020 Hindi Books